• 首页
  • 本馆介绍
  • 公告通知
  • 最新文献
  • 馆藏检索
  • 电子资源
  • 读者导购
  • 参考咨询
  • 我的图书馆
  • 登录
  • 详细信息显示
  • 放入我的书架
  • 预约/预借图书
  • 作者相关作品
  • 分类相关作品
  • 丛书相关作品
  • 出版社相关作品

书目信息

  • 表格格式
  • 工作单格式
  • 卡片格式
题名:
徐志摩诗歌精选
    
 
作者: 徐志摩 著
分册:  
出版信息: 北京   中国华侨出版社  2016
页数: 363页
开本: 25cm
丛书名:
单 册:
中图分类: I226.1 , I266
科图分类:
主题词: 新诗--诗集--中国--现代 , 散文集--中国--现代
电子资源:
ISBN: 978-7-5113-6162-2
000 00679nam0 2200241 450
001 2360441613
005 20231110110831.65
010    @a978-7-5113-6162-2@dCNY59.00
100    @a20181129d2016 em y0chiy50 ea
101 0  @achi
102    @aCN@b110000
105    @aa z 000zy
200 1  @a徐志摩诗歌精选@Axu zhi mo shi ge jing xuan@f徐志摩著
210    @a北京@c中国华侨出版社@d2016
215    @a363页@c图,照片@d25cm
300    @a超值全彩文学馆
606 0  @a新诗@x诗集@y中国@z现代
606 0  @a散文集@y中国@z现代
690    @aI226.1@v5
690    @aI266@v5
701  0 @a徐志摩@Axu zhi mo@f(1897~1931)@4著
801  0 @aCN@b安徽时代@c20230923
905    @aBZT@dI226.1@e4
    
    徐志摩诗歌精选/徐志摩著.-北京:中国华侨出版社,2016
    363页:图,照片;25cm
    超值全彩文学馆
    
    ISBN 978-7-5113-6162-2:CNY59.00
    
●
相关链接 在五车中查询图书 在当当中查询图书 在豆瓣中查询图书


正题名:徐志摩诗歌精选     索取号:I226.1/4         预约/预借

序号 登录号 条形码 馆藏地/架位号 状态 备注
1 2000933515   2000933515   第四书库/四12架A面6层2列/ [索取号:I226.1/4] 在馆    
2 2000933516   2000933516   第四书库/四12架A面6层2列/ [索取号:I226.1/4] 在馆    
3 2000933517   2000933517   第四书库/四12架A面6层2列/ [索取号:I226.1/4] 在馆    
4 2000933518   2000933518   第四书库/四12架A面6层2列/ [索取号:I226.1/4] 在馆    
5 2000933519   2000933519   第四书库/四12架A面6层2列/ [索取号:I226.1/4] 在馆    
6 2000933520   2000933520   第四书库/四12架A面6层2列/ [索取号:I226.1/4] 在馆    
山东省滨州职业学院图书馆 欢迎您!
大连网信软件有限公司© 版权所有